000
00296 a2200133 4500
000
nam a22 7a 4500
100
_a
A K Singh
110
_a
A K Singh
245
_a
UNO and working
250
_a
latest edition
260
_b
Binesh pub.
_c
2024
264
_b
Binesh pub.
_c
2024
942
_c
BK
999
_c
395478
_d
395478